Impact of Population Ageing on Economic Growth in Emerging EU Countries
Cieľom tejto štúdie je preskúmať vplyv jednej z najvýznamnejších súčasných zmien v demografickej štruktúre, starnutia populácie, na ekonomickú výkonnosť ôsmich rozvíjajúcich sa ekonomík zo strednej a východnej Európy. Napriek relatívne vysokému ekonomickému rastu sa tieto krajiny stále snažia dobehn...
Salvato in:
| Autore principale: | |
|---|---|
| Altri autori: | |
| Natura: | Capitolo di libro |
| Lingua: | inglese |
| Soggetti: | |
| Tags: |
Nessun Tag, puoi essere il primo ad aggiungerne!!
|
MARC
| LEADER | 00000naa a2200000 4500 | ||
|---|---|---|---|
| 001 | 0303341 | ||
| 005 | 20240802090700.9 | ||
| 041 | 0 | |a eng | |
| 044 | |a SK | ||
| 245 | 1 | 0 | |a Impact of Population Ageing on Economic Growth in Emerging EU Countries |c Ivan Mihajlović, Goran Miladinov |
| 520 | |a Cieľom tejto štúdie je preskúmať vplyv jednej z najvýznamnejších súčasných zmien v demografickej štruktúre, starnutia populácie, na ekonomickú výkonnosť ôsmich rozvíjajúcich sa ekonomík zo strednej a východnej Európy. Napriek relatívne vysokému ekonomickému rastu sa tieto krajiny stále snažia dobehnúť vyspelejšie európske ekonomiky (ktoré slúžia ako kontrolná skupina). Zároveň čelia výraznému starnutiu populácie. Pomocou odhadu spoločnej strednej skupiny v panelovom modeli ARDL štúdia zistila, že jednopercentné zvýšenie pomeru starej závislosti má za následok 0,52-percentné zníženie miery rastu HDP na obyvateľa a 0,53-percentné zníženie miery rastu HDP z dlhodobého hľadiska. | ||
| 610 | 2 | 0 | |a demografia |
| 610 | 2 | 0 | |a výkonnosť ekonomiky |
| 610 | 2 | 0 | |a populácia |
| 610 | 2 | 0 | |a stredná Európa |
| 610 | 2 | 0 | |a východná Európa |
| 100 | 1 | |a Mihajlović, Ivan | |
| 700 | 1 | |a Miladinov, Goran | |